000 01273cam a2200241 4500
001 6079
010 _a9728943091
090 _a6079
100 _a20211231d2006 c||y0pory5003 ba
200 1 _aO segredo do Natal
_fAstrid Mola
_gil. Dorothea Ackroyd
_gtrad. Diana Gomes
210 _aRio de Mouro
_cKeditora
_d2006
215 _a[26] p.
_cil.
330 _aO pequeno Rafael é um anjo-carteiro que leva as cartas com os pedidos de Natal à fábrica dos brinquedos que há no céu. E tem de se despachar: já não falta muito tempo para o Natal e ainda precisa de recolher alguns pedidos. Só que desta vez ele foi visto pelo Cristiano enquanto recolhia a sua lista na janela. Ninguém podia saber do segredo da fábrica dos brinquedos que há no céu. Será que o Cristiano vai guardar segredo? E o presente dele? O anjinho Rafael vai conseguir fazer com que o seu desejo se torne realidade? É que o Cristiano esqueceu-se de uma coisa muito importante…
606 _914
_aLiteratura infantil
606 _913
_aLiteratura Estrangeira
675 _a82-93
_vBN
_zpor
675 _a821.1/.8
_vBN
_zpor
700 _aMola
_bAstrid
_95786
702 _aAckroyd
_bDorothea
_95787
702 _aGomes
_bDiana
_95788
801 0 _aPT
_bBMVN
_gRPC
830 _cAna Caetano
_d31/12/2021
990 _cLIVROS